[Event "28th WSCC2018 - Open 65+"]
[Site "Bled"]
[Date "2018.11.28"]
[Round "10.37"]
[White "Kolbak, Jens"]
[Black "Marcovici, Adrian"]
[Result "1/2-1/2"]
[WhiteElo "2173"]
[BlackElo "1910"]
[PlyCount "72"]
[EventDate "2018.11.18"]

1. e4 c5 2. Nf3 e6 3. Be2 Nc6 4. O-O Nf6 5. Nc3 a6 6. d4 cxd4 7. Nxd4 Qc7 8.
Kh1 Nxd4 9. Qxd4 Bc5 10. Qd3 b5 11. f4 d6 12. Bf3 e5 13. f5 Bb7 14. Bg5 Rc8 15.
Bxf6 gxf6 16. Nd5 Bxd5 17. Qxd5 Qc6 18. Qb3 Ke7 19. c3 Bb6 20. a4 bxa4 21. Rxa4
a5 22. Be2 Bc7 23. Bc4 Rb8 24. Qa3 Rxb2 25. Qxb2 Qxa4 26. Qe2 Qc6 27. h3 Rg8
28. Qd3 Bb6 29. Bd5 Qc5 30. Qc2 Rg3 31. Qa2 Qxc3 32. Rb1 Rxh3+ 33. gxh3 Qxh3+
34. Qh2 Qf3+ 35. Qg2 Qh5+ 36. Qh2 Qf3+ 1/2-1/2

[Event "28th WSCC2018 - Open 65+"]
[Site "Bled"]
[Date "2018.11.28"]
[Round "10.38"]
[White "Strand, Kjetil"]
[Black "Gruzmann, Boris"]
[Result "0-1"]
[WhiteElo "1995"]
[BlackElo "2215"]
[PlyCount "52"]
[EventDate "2018.11.18"]

1. e4 e5 2. Nf3 Nc6 3. Bb5 a6 4. Ba4 d6 5. c3 f5 6. exf5 Bxf5 7. O-O Bd3 8. Re1
Be7 9. Qb3 Rb8 10. Qd5 e4 11. Bb3 Nh6 12. Qh5+ Kf8 13. Re3 Qe8 14. Qh3 Qg6 15.
Be6 Nd8 16. Nd4 c5 17. Bf5 Nxf5 18. Nxf5 Bg5 19. Rg3 Ne6 20. Rxd3 Nf4 21. Qg4
exd3 22. Nxd6 Qxd6 23. Qxg5 Re8 24. Qf5+ Kg8 25. h3 Re1+ 26. Kh2 Rxc1 0-1

[Event "28th WSCC2018 - Open 65+"]
[Site "Bled"]
[Date "2018.11.28"]
[Round "10.39"]
[White "Titz, Heimo"]
[Black "Sand, Rolf"]
[Result "0-1"]
[WhiteElo "2161"]
[BlackElo "1989"]
[PlyCount "26"]
[EventDate "2018.11.18"]

1. c4 c5 2. Nc3 Nc6 3. g3 g6 4. Bg2 Bg7 5. Nf3 e5 6. d3 Nge7 7. O-O d6 8. a3
O-O 9. Rb1 Rb8 10. Bd2 a5 11. Qc1 Bg4 12. b3 Nd4 13. e3 Nxf3+ 0-1

[Event "28th WSCC2018 - Open 65+"]
[Site "Bled"]
[Date "2018.11.28"]
[Round "10.40"]
[White "Sorensen, Bent"]
[Black "Sciupokas, Arunas"]
[Result "0-1"]
[WhiteElo "2103"]
[BlackElo "1981"]
[Annotator "uporabnik"]
[PlyCount "68"]
[EventDate "2018.11.18"]

1. Nf3 Nc6 2. e4 e5 3. Bc4 Nf6 4. Ng5 d5 5. exd5 Nd4 6. c3 b5 7. Bf1 Nxd5 8.
cxd4 Qxg5 9. Bxb5+ Kd8 10. Qf3 Bb7 11. Nc3 exd4 12. Ne4 Qe5 13. O-O Nf6 14. d3
Qxb5 15. Bf4 Qh5 16. Rac1 Qxf3 17. Bxc7+ Kd7 18. gxf3 Nxe4 19. fxe4 Rc8 20. Be5
Bc5 21. b4 Bb6 22. a4 f6 23. Bf4 Rxc1 24. Rxc1 Rc8 25. Rb1 Rc3 26. e5 Bc7 27.
Bd2 Rxd3 28. Rb2 Bxe5 29. f4 Bd6 30. a5 Ra3 31. b5 Bc5 32. Kf2 Rf3+ 33. Ke1 d3
34. Bb4 Bd4 {...} 0-1

[Event "28th WSCC2018 - Open 65+"]
[Site "Bled"]
[Date "2018.11.28"]
[Round "10.41"]
[White "Keogh, Eamon"]
[Black "Pastor Alonso De Prado, Alberto"]
[Result "0-1"]
[WhiteElo "1982"]
[BlackElo "2102"]
[Annotator "uporabnik"]
[PlyCount "92"]
[EventDate "2018.11.18"]

1. d4 e6 2. e4 d5 3. Nd2 dxe4 4. Nxe4 Bd7 5. Nf3 Bc6 6. Bd3 Nd7 7. O-O Ngf6 8.
Ng3 Be7 9. c3 O-O 10. b4 Re8 11. b5 Bxf3 12. Qxf3 c5 13. bxc6 bxc6 14. Bf4 Nd5
15. Bd2 c5 16. Ne4 cxd4 17. cxd4 f5 18. Ng3 g6 19. Rfe1 Bf6 20. Bc4 N7b6 21.
Bb3 Bxd4 22. Rad1 Qf6 23. a4 Rac8 24. h4 Qxh4 25. a5 Nc4 26. Rxe6 Rxe6 27. Qxd5
Rcc6 28. Bg5 Bxf2+ 29. Kxf2 Qxg5 30. Nf1 Qf4+ 31. Kg1 Qe4 32. Qb5 a6 33. Rd8+
Kg7 34. Qb8 Kh6 35. Qh2+ Kg7 36. Qb8 f4 37. Rg8+ Kh6 38. Qf8+ Kg5 39. Qd8+ Rf6
40. Qd7 f3 41. g3 Ne5 42. Qd2+ Kg4 43. Ne3+ Kh5 44. Bd1 Rcd6 45. Qc3 Rd3 46.
g4+ Kg5 0-1

[Event "28th WSCC2018 - Open 65+"]
[Site "Bled"]
[Date "2018.11.28"]
[Round "10.42"]
[White "Nickel, Arno"]
[Black "Svensson, Soren"]
[Result "1/2-1/2"]
[WhiteElo "2100"]
[BlackElo "1987"]
[Annotator "uporabnik"]
[PlyCount "67"]
[EventDate "2018.11.18"]

1. c4 e5 2. g3 Nf6 3. Bg2 d5 4. cxd5 Nxd5 5. Nc3 Nb6 6. Nf3 Nc6 7. O-O Be7 8.
d3 O-O 9. Be3 Be6 10. a3 a5 11. Rc1 f5 12. Na4 Nxa4 13. Qxa4 Bd5 14. Rfd1 Qe8
15. Bc5 Rd8 16. b4 axb4 17. axb4 e4 18. dxe4 fxe4 19. Bxe7 Qxe7 20. Rxd5 Rxd5
21. Qb3 Rfd8 22. b5 Qb4 23. Qa2 Qa5 24. Qc2 Qxb5 25. Qxe4 Rd1+ 26. Rxd1 Rxd1+
27. Bf1 Rd8 28. Bh3 h6 29. Nh4 Rd1+ 30. Kg2 Nd8 31. Be6+ Nxe6 32. Qxe6+ Kh7 33.
Qe4+ Kg8 34. Qe6+ 1/2-1/2

[Event "28th WSCC2018 - Open 65+"]
[Site "Bled"]
[Date "2018.11.28"]
[Round "10.43"]
[White "Norman, Kenneth I"]
[Black "Nilsson, Weine"]
[Result "1/2-1/2"]
[WhiteElo "2099"]
[BlackElo "1976"]
[Annotator "uporabnik"]
[PlyCount "117"]
[EventDate "2018.11.18"]

1. c4 c5 2. Nf3 b6 3. g3 Bb7 4. Bg2 Nf6 5. O-O g6 6. Nc3 Bg7 7. d4 cxd4 8. Qxd4
O-O 9. Qh4 d6 10. Rd1 Nbd7 11. Bh6 Re8 12. Bxg7 Kxg7 13. Rac1 Rc8 14. Qd4 Kg8
15. b3 Qc7 16. Bh3 Qc5 17. Qh4 Rcd8 18. Ng5 Kg7 19. Nce4 Qc6 20. Bxd7 Rxd7 21.
f3 h6 22. Nxf6 exf6 23. Ne4 Re6 24. Qf4 g5 25. Qe3 Rde7 26. Qd4 Kf8 27. Nxf6
Qc5 28. Qxc5 dxc5 29. Rd8+ Kg7 30. Nh5+ Kh7 31. e4 f5 32. exf5 Re2 33. f6 Rf7
34. Rd3 a5 35. a4 Bc6 36. g4 Kg6 37. Rf1 Rd7 38. Rxd7 Bxd7 39. Rd1 Bc6 40. Rd3
Kf7 41. Ng3 Re6 42. Nh5 Re2 43. h3 Re6 44. Kf2 Be8 45. Rd8 Re5 46. Rd6 Re6 47.
Rxe6 Kxe6 48. Ng7+ Kf7 49. Nxe8 Kxe8 50. Ke3 Kf7 51. Ke4 Kxf6 52. f4 gxf4 53.
Kxf4 Kg6 54. h4 Kf6 55. g5+ hxg5+ 56. hxg5+ Kg6 57. Kg4 Kg7 58. Kf5 Kf7 59. Ke5
1/2-1/2

[Event "28th WSCC2018 - Open 65+"]
[Site "Bled"]
[Date "2018.11.28"]
[Round "10.44"]
[White "Zhelesny, Stanislav"]
[Black "Danielsson, Robert"]
[Result "1-0"]
[WhiteElo "2079"]
[BlackElo "1968"]
[PlyCount "98"]
[EventDate "2018.11.18"]

1. Nf3 c5 2. g3 g6 3. Bg2 Bg7 4. O-O Nc6 5. c3 Nf6 6. d4 cxd4 7. cxd4 d5 8. Nc3
Ne4 9. Qb3 Nxc3 10. bxc3 O-O 11. Nd2 e6 12. e4 b6 13. Ba3 Re8 14. Rfe1 Na5 15.
Qb5 Bb7 16. Rad1 Rc8 17. Bb4 Bc6 18. Qe2 Nb7 19. Qa6 Ra8 20. c4 Qd7 21. cxd5
exd5 22. e5 Bb5 23. Qa3 a5 24. Bc3 Ba4 25. Rc1 b5 26. Bb2 Bf8 27. Qf3 Bh6 28.
Qd3 b4 29. f4 Red8 30. Qe2 Re8 31. Qf3 Bc6 32. g4 Nd8 33. g5 Bf8 34. h4 Ne6 35.
Bh3 Qb7 36. f5 Ng7 37. h5 Nxh5 38. e6 fxe6 39. fxg6 hxg6 40. Bxe6+ Kh7 41. Bg4
Rxe1+ 42. Rxe1 Ng7 43. Qh3+ Kg8 44. Be6+ Nxe6 45. Qxe6+ Kg7 46. Qf6+ Kg8 47.
Qe6+ Kg7 48. Nf3 Be8 49. Qf6+ Kg8 1-0

[Event "28th WSCC2018 - Open 65+"]
[Site "Bled"]
[Date "2018.11.28"]
[Round "10.45"]
[White "Mayer, Roland"]
[Black "Holzmann, Herbert"]
[Result "1/2-1/2"]
[WhiteElo "2076"]
[BlackElo "1955"]
[PlyCount "49"]
[EventDate "2018.11.18"]

1. e4 c5 2. Nf3 Nc6 3. c3 Nf6 4. e5 Nd5 5. Bc4 Nb6 6. Bb3 d5 7. exd6 Qxd6 8.
O-O c4 9. Bc2 Bg4 10. h3 Bh5 11. Re1 e6 12. b3 Be7 13. Na3 cxb3 14. axb3 Bg6
15. d4 Bxc2 16. Nxc2 O-O 17. c4 Qc7 18. Bb2 Rfd8 19. Qe2 Bf8 20. Ne3 a6 21. Ng4
Nd7 22. Qe3 Ne7 23. Qc3 Nf5 24. Rad1 Rac8 25. d5 1/2-1/2

[Event "28th WSCC2018 - Open 65+"]
[Site "Bled"]
[Date "2018.11.28"]
[Round "10.46"]
[White "Henrichsen, Erland"]
[Black "Hohler, Peter"]
[Result "1/2-1/2"]
[WhiteElo "1962"]
[BlackElo "2048"]
[PlyCount "38"]
[EventDate "2018.11.18"]

1. Nf3 Nf6 2. g3 d5 3. Bg2 c6 4. O-O h6 5. b3 Bf5 6. Bb2 e6 7. d3 Be7 8. Nbd2
O-O 9. Ne5 Nbd7 10. Nxd7 Nxd7 11. e4 Bh7 12. Qe2 a5 13. c4 dxe4 14. Bxe4 Bf6
15. Bxh7+ Kxh7 16. Ne4 Bxb2 17. Qxb2 Nf6 18. Rad1 Nxe4 19. dxe4 Qc7 1/2-1/2

[Event "28th WSCC2018 - Open 65+"]
[Site "Bled"]
[Date "2018.11.28"]
[Round "10.47"]
[White "Batakovs, Olegs"]
[Black "Hjertenes, Oystein"]
[Result "1-0"]
[WhiteElo "1945"]
[BlackElo "2037"]
[PlyCount "55"]
[EventDate "2018.11.18"]

1. e4 g6 2. d4 Bg7 3. Nc3 c6 4. f4 d5 5. e5 e6 6. Nf3 Ne7 7. Be2 b6 8. b4 O-O
9. O-O Nd7 10. Be3 a6 11. Bf2 Qc7 12. Na4 Re8 13. c3 Bf8 14. g4 Bg7 15. Bd3 Nf8
16. Bh4 Bd7 17. Bxe7 Rxe7 18. f5 exf5 19. gxf5 gxf5 20. Nh4 f6 21. exf6 Bxf6
22. Nxf5 Bxf5 23. Rxf5 Rg7+ 24. Kh1 Bg5 25. Qf3 Be7 26. Rf1 Bd6 27. Rf6 Bxh2
28. Rxf8+ 1-0

[Event "28th WSCC2018 - Open 65+"]
[Site "Bled"]
[Date "2018.11.28"]
[Round "10.48"]
[White "Sevenyuk, Alexey"]
[Black "Biller, Helmut"]
[Result "1/2-1/2"]
[WhiteElo "1839"]
[BlackElo "2035"]
[PlyCount "40"]
[EventDate "2018.11.18"]

1. e4 e5 2. Nf3 Nc6 3. Bc4 Bc5 4. d3 Nf6 5. O-O O-O 6. c3 d6 7. b4 Bb6 8. a4 a6
9. Qb3 h6 10. Be3 Bxe3 11. fxe3 Qe7 12. Nh4 Be6 13. Nf5 Bxf5 14. Rxf5 Ng4 15.
Rf3 Qh4 16. h3 Qe1+ 17. Rf1 Qxe3+ 18. Kh1 Nf2+ 19. Kh2 Nxd3 20. Rf3 Qxe4
1/2-1/2

[Event "28th WSCC2018 - Open 65+"]
[Site "Bled"]
[Date "2018.11.28"]
[Round "10.49"]
[White "Choong, Liong-On Mark"]
[Black "Kratschmer, Heinz"]
[Result "0-1"]
[WhiteElo "1932"]
[BlackElo "2035"]
[PlyCount "166"]
[EventDate "2018.11.18"]

1. c4 Nf6 2. g3 e5 3. Bg2 d5 4. cxd5 Nxd5 5. Nc3 Nb6 6. Nf3 Nc6 7. O-O Be7 8.
a3 O-O 9. b4 Re8 10. d3 Bf8 11. Rb1 Nd4 12. Nd2 c6 13. Nde4 Nd5 14. Bb2 Be6 15.
e3 Nf5 16. Qd2 Nb6 17. Rfd1 Bb3 18. Rdc1 Rc8 19. Ba1 Be6 20. Nc5 Bxc5 21. bxc5
Nc4 22. Qe2 Na5 23. Ne4 Nb3 24. Rc2 Nxa1 25. Rxa1 Rc7 26. Rb2 Qe7 27. Rab1 Rd8
28. Bf1 f6 29. Qc2 Nh6 30. Qc3 Rd5 31. Rd1 Nf7 32. Rc1 Rcd7 33. f3 Rd8 34. Rcb1
Bc8 35. g4 g6 36. Rg2 g5 37. Rc1 Nh8 38. Nd6 Ng6 39. d4 b5 40. Rd2 exd4 41.
Rxd4 Be6 42. Re1 Ne5 43. Kf2 Nf7 44. Rxd5 Bxd5 45. e4 Be6 46. Nxf7 Qxf7 47. Qe3
h6 48. h4 Qc7 49. e5 Kf7 50. h5 f5 51. Bd3 Qd7 52. Bc2 Qd2+ 53. Re2 Qxe3+ 54.
Kxe3 fxg4 55. fxg4 Bxg4 56. Rf2+ Kg7 57. Rf6 Bxh5 58. Rxc6 Be8 59. Rc7+ Rd7 60.
Rc8 Re7 61. Kd4 Bg6 62. Bb3 Bf7 63. Bc2 Rd7+ 64. Kc3 Rd5 65. Rc7 Rxe5 66. c6
Rc5+ 67. Kd2 Kf6 68. Be4 Bd5 69. Ke3 Bxe4 70. Kxe4 Ke6 71. Rh7 Rc4+ 72. Kd3
Rxc6 73. Rxh6+ Kd5 74. Rh5 Rg6 75. Rh8 g4 76. Rd8+ Rd6 77. Rg8 Ke5+ 78. Ke3 Kf5
79. Rg7 a6 80. Rf7+ Kg5 81. Rg7+ Kh4 82. Kf2 Rd2+ 83. Ke1 Ra2 0-1

[Event "28th WSCC2018 - Open 65+"]
[Site "Bled"]
[Date "2018.11.28"]
[Round "10.50"]
[White "Sorcnik, Franc"]
[Black "Bondar, Leonid"]
[Result "1/2-1/2"]
[WhiteElo "2028"]
[BlackElo "1931"]
[Annotator "uporabnik"]
[PlyCount "75"]
[EventDate "2018.11.18"]

1. e4 c6 2. b3 d5 3. exd5 cxd5 4. Bb2 Nc6 5. Nf3 Bg4 6. h3 Bh5 7. Be2 e6 8. O-O
Nf6 9. Ne5 Bxe2 10. Qxe2 Bd6 11. d4 O-O 12. Nd2 Rc8 13. c3 Qe7 14. a4 Nd7 15.
f4 f6 16. Nd3 Rfe8 17. Qf3 f5 18. c4 Bb4 19. cxd5 Bxd2 20. dxc6 Rxc6 21. Rad1
Bc3 22. Bxc3 Rxc3 23. Qxb7 Nf6 24. Qxe7 Rxe7 25. Nc5 Nd5 26. Rd3 Rc2 27. g3 Kf7
28. Rf2 Rc1+ 29. Kg2 Nb4 30. Rdd2 Nd5 31. Rfe2 h6 32. h4 Rc3 33. Kf2 Rc1 34.
Rc2 Rd1 35. Red2 Ra1 36. Ra2 Rc1 37. Rac2 Ra1 38. Ra2 {.....} 1/2-1/2

[Event "28th WSCC2018 - Open 65+"]
[Site "Bled"]
[Date "2018.11.28"]
[Round "10.51"]
[White "Doubleday, William G"]
[Black "Harding, Tim D"]
[Result "1/2-1/2"]
[WhiteElo "1929"]
[BlackElo "2027"]
[PlyCount "47"]
[EventDate "2018.11.18"]

1. d4 d5 2. c4 c6 3. e3 Nf6 4. Nf3 e6 5. b3 Nbd7 6. Bb2 Bd6 7. Nc3 Qe7 8. Be2
b6 9. O-O Bb7 10. Rc1 Ba3 11. Qc2 O-O 12. Rfd1 Bxb2 13. Qxb2 c5 14. cxd5 Nxd5
15. Qa3 Rfd8 16. Na4 cxd4 17. Qxe7 Nxe7 18. Nxd4 Nd5 19. Bf3 Ne5 20. Be2 Rac8
21. h3 Kf8 22. a3 Ke7 23. b4 Nc6 24. Nxc6+ 1/2-1/2

[Event "28th WSCC2018 - Open 65+"]
[Site "Bled"]
[Date "2018.11.28"]
[Round "10.52"]
[White "Nickl, Klaus"]
[Black "Acosta, Mariano"]
[Result "1/2-1/2"]
[WhiteElo "2006"]
[BlackElo "1721"]
[PlyCount "145"]
[EventDate "2018.11.18"]

1. d4 g6 2. Bf4 d6 3. e3 Nf6 4. h3 Bg7 5. Nf3 O-O 6. Be2 Nbd7 7. c3 Qe8 8. O-O
e5 9. Bh2 Qe7 10. Na3 c6 11. Nc4 Ne8 12. dxe5 dxe5 13. e4 Kh8 14. Bg3 a5 15.
Bh4 f6 16. Nfd2 b6 17. f3 Ba6 18. Bf2 Rb8 19. Ne3 Bxe2 20. Qxe2 h5 21. Qc4 Qd6
22. Rfd1 Qc7 23. b4 Nd6 24. Qb3 Bh6 25. Ndc4 a4 26. Qc2 Nb5 27. Qb2 Rfd8 28.
Nc2 Nf8 29. Be3 Bg7 30. N2a3 Nxa3 31. Nxa3 Ne6 32. Qc2 b5 33. Rxd8+ Qxd8 34.
Rd1 Qe7 35. Rd3 Bf8 36. Qd2 Rd8 37. Rxd8 Qxd8 38. Qxd8 Nxd8 39. Kf2 Kg8 40. Ke2
Kf7 41. Kd3 Ke6 42. Bd2 Nb7 43. c4 Nd6 44. Be3 bxc4+ 45. Nxc4 Nb5 46. Bd2 f5
47. Na5 fxe4+ 48. fxe4 Kd7 49. Nc4 Ke6 50. Bc3 Bd6 51. Nb6 a3 52. Nc4 g5 53.
Kc2 g4 54. hxg4 hxg4 55. Ne3 Nd4+ 56. Kd3 Nb5 57. Nxg4 c5 58. bxc5 Nxc3 59.
Kxc3 Bxc5 60. Kc4 Bd4 61. Nh2 Bb2 62. Nf3 Bc1 63. Ne1 Kf6 64. Kd5 Bb2 65. Nf3
Bc3 66. g4 Bb2 67. g5+ Kg6 68. Nxe5+ Kxg5 69. Nd3 Kg4 70. Kc4 Kf3 71. e5 Ke4
72. e6 Bf6 73. Nb4 1/2-1/2

[Event "28th WSCC2018 - Open 65+"]
[Site "Bled"]
[Date "2018.11.28"]
[Round "10.54"]
[White "Jaksa, Cvetko"]
[Black "Vikulov, Alexander"]
[Result "0-1"]
[WhiteElo "1897"]
[BlackElo "2127"]
[PlyCount "106"]
[EventDate "2018.11.18"]

1. a3 g6 2. e3 Bg7 3. Nf3 d6 4. d4 Nd7 5. Be2 e5 6. O-O Qe7 7. c3 e4 8. Ne1 Nh6
9. b4 O-O 10. Bb2 Nf6 11. Nd2 d5 12. c4 c6 13. Qc2 Be6 14. g3 Nh5 15. Bxh5 gxh5
16. h4 Bf6 17. cxd5 cxd5 18. Qc5 Qd7 19. Nxe4 Be7 20. Qc2 dxe4 21. Qxe4 Bd5 22.
Qf4 Qd6 23. Qxd6 Bxd6 24. Nd3 Bc4 25. Rfd1 Bxd3 26. Rxd3 f5 27. Rad1 Rfc8 28.
d5 Rc2 29. Bd4 Kf7 30. R3d2 Rxd2 31. Rxd2 Ng8 32. Bc5 Ke7 33. f3 b6 34. Bd4 Nf6
35. Bxf6+ Kxf6 36. f4 Rc8 37. Rd3 Rc2 38. Kf1 b5 39. Ke1 Ke7 40. Kf1 Kd7 41.
Ke1 Rg2 42. Rc3 Rxg3 43. Kf2 Bxf4 44. Rc6 Rxe3 45. Rf6 Rxa3 46. Rxf5 Bg3+ 47.
Ke2 Bxh4 48. Rxh5 Be7 49. d6 Bxd6 50. Rxb5 Kc6 51. Rh5 Ra2+ 52. Kd3 Rh2 53. Ra5
Kb6 0-1

[Event "28th WSCC2018 - Open 65+"]
[Site "Bled"]
[Date "2018.11.28"]
[Round "10.55"]
[White "Finlay, Ian"]
[Black "Toefferl, Heimo"]
[Result "0-1"]
[WhiteElo "1808"]
[BlackElo "2082"]
[PlyCount "82"]
[EventDate "2018.11.18"]

1. e4 e6 2. d4 d5 3. e5 c5 4. Qg4 cxd4 5. Nf3 Nc6 6. Bd3 Qc7 7. O-O Nge7 8. Re1
Ng6 9. Qg3 Bd7 10. a3 a5 11. b3 Bc5 12. h4 O-O-O 13. h5 Nge7 14. Bf4 Rdg8 15.
Ng5 Be8 16. Bxh7 Rf8 17. Nd2 Qb6 18. b4 axb4 19. axb4 Nxb4 20. Nb3 Nec6 21.
Nxc5 Qxc5 22. Ra8+ Kc7 23. Bg6 Qe7 24. Qh3 Bd7 25. Rxf8 Rxf8 26. Bd3 Ra8 27.
Rb1 Ra3 28. Bc1 Ra2 29. Qg3 Be8 30. Nh7 Qc5 31. Qxg7 Nxd3 32. Nf6 Qxc2 33.
Nxe8+ Kb8 34. Rxb7+ Kxb7 35. Qxf7+ Ka6 36. Nc7+ Ka5 37. Nxe6 Qxc1+ 38. Kh2 Nxf2
39. Qc7+ Ka4 40. Nxd4 Qh1+ 41. Kg3 Ne4+ 0-1

[Event "28th WSCC2018 - Open 65+"]
[Site "Bled"]
[Date "2018.11.28"]
[Round "10.56"]
[White "Wibe, Per H"]
[Black "Skok, Joze"]
[Result "1-0"]
[WhiteElo "1752"]
[BlackElo "2004"]
[Annotator "uporabnik"]
[PlyCount "87"]
[EventDate "2018.11.18"]

1. d4 Nf6 2. Bf4 g6 3. e3 d5 4. Bd3 c5 5. c3 cxd4 6. exd4 Nc6 7. Nd2 Bg7 8.
Ngf3 O-O 9. O-O Nh5 10. Bg5 h6 11. Bh4 Nf4 12. Bc2 Re8 13. Re1 Qb6 14. Bg3 Nh5
15. Be5 Qxb2 16. Re3 Qb6 17. Rb1 Qd8 18. Nh4 Nf6 19. h3 g5 20. Nf5 Bxf5 21.
Bxf5 e6 22. Bc2 b6 23. Nf3 Nd7 24. Qd3 f5 25. Bxg7 Kxg7 26. Rbe1 Nf8 27. Ne5
Nxe5 28. Rxe5 Qf6 29. Qe2 Rec8 30. Qd2 Rc7 31. R1e3 Rac8 32. Qe1 a6 33. g4 f4
34. Rxe6 fxe3 35. Rxf6 Kxf6 36. Qxe3 Rxc3 37. Qe5+ Kf7 38. Qxd5+ Ke7 39. Qe5+
Kf7 40. Bb3+ Rxb3 41. axb3 Ne6 42. d5 Rc1+ 43. Kh2 Nf4 44. d6 {....} 1-0

[Event "28th WSCC2018 - Open 65+"]
[Site "Bled"]
[Date "2018.11.28"]
[Round "10.57"]
[White "Hewson, Brian W R"]
[Black "James, Kevin"]
[Result "1/2-1/2"]
[WhiteElo "2000"]
[BlackElo "1929"]
[PlyCount "28"]
[EventDate "2018.11.18"]

1. d4 c5 2. d5 g6 3. e4 Bg7 4. h3 d6 5. c4 e6 6. Nc3 Bxc3+ 7. bxc3 e5 8. Bd3
Qa5 9. Ne2 Nd7 10. Qb3 Nb6 11. g4 Bd7 12. f4 f6 13. Rb1 O-O-O 14. Be3 Rf8
1/2-1/2

[Event "28th WSCC2018 - Open 65+"]
[Site "Bled"]
[Date "2018.11.28"]
[Round "10.58"]
[White "Grahn, Lars"]
[Black "Rogovin, Arkadi"]
[Result "0-1"]
[WhiteElo "1999"]
[BlackElo "1867"]
[PlyCount "144"]
[EventDate "2018.11.18"]

1. d4 d5 2. Nf3 Nf6 3. c4 c6 4. e3 Bf5 5. Nc3 e6 6. cxd5 exd5 7. Bd3 Bxd3 8.
Qxd3 Nbd7 9. O-O Be7 10. Bd2 O-O 11. Rfc1 Nb6 12. Ne5 Nfd7 13. Nxd7 Qxd7 14. b3
f5 15. Ne2 Nc8 16. f3 Bd6 17. Be1 Ne7 18. Bg3 Ng6 19. Bxd6 Qxd6 20. g3 Rae8 21.
Kf2 Qf6 22. b4 Rf7 23. Re1 h5 24. b5 Rfe7 25. Nc3 h4 26. bxc6 bxc6 27. Re2 Rb7
28. Rb1 Reb8 29. Rxb7 Rxb7 30. Qa6 Re7 31. Qc8+ Kh7 32. f4 Rf7 33. Rb2 Ne7 34.
Qa6 Ng8 35. Rb7 Rxb7 36. Qxb7 hxg3+ 37. hxg3 Nh6 38. Qd7 Qg6 39. Qe7 Qh5 40.
Ne2 Ng4+ 41. Ke1 Qh1+ 42. Kd2 Qb1 43. Qa3 Nf2 44. Nc1 Ne4+ 45. Kd1 Nxg3 46. Qd3
Qb6 47. Qc2 Ne4 48. Qh2+ Kg6 49. Qh4 Qb4 50. Nb3 Qc3 51. Qe7 Qd3+ 52. Kc1 Qxe3+
53. Kb2 Qc3+ 54. Ka3 Qh3 55. Qe6+ Kh7 56. Qxc6 Nf6 57. Qc7 a6 58. Qe5 Qd3 59.
Kb2 Kg6 60. Nc5 Qd2+ 61. Kb3 a5 62. a3 Qd1+ 63. Kb2 a4 64. Qe3 Ne4 65. Nxe4
fxe4 66. Qg3+ Kf7 67. Qc3 Qe2+ 68. Kb1 Qb5+ 69. Ka2 Qc4+ 70. Qxc4 dxc4 71. Kb2
Ke6 72. Kc3 e3 0-1

[Event "28th WSCC2018 - Open 65+"]
[Site "Bled"]
[Date "2018.11.28"]
[Round "10.59"]
[White "Cordioli, Jairo Ribeiro"]
[Black "Idesis, Yaacov"]
[Result "1-0"]
[WhiteElo "1804"]
[BlackElo "1967"]
[PlyCount "69"]
[EventDate "2018.11.18"]

1. d4 d5 2. c4 c6 3. Nf3 Nf6 4. Nc3 e6 5. e3 Bd6 6. Bd3 O-O 7. O-O Nbd7 8. e4
dxe4 9. Nxe4 Nxe4 10. Bxe4 Nf6 11. Bc2 b6 12. Bg5 Be7 13. Qd3 g6 14. Rad1 Nh5
15. Bh6 Ng7 16. Ne5 Bb7 17. Qf3 Rc8 18. Be4 Qe8 19. Rfe1 f5 20. Bc2 Bf6 21. c5
Qe7 22. Bb3 Rfe8 23. Bxg7 Kxg7 24. Qe3 b5 25. f4 Rc7 26. g4 Bc8 27. g5 Bxe5 28.
dxe5 h6 29. h4 hxg5 30. hxg5 Rh8 31. Kg2 Kf8 32. Rh1 Rxh1 33. Rxh1 Qg7 34. Rd1
Qf7 35. Rd8+ 1-0

[Event "28th WSCC2018 - Open 65+"]
[Site "Bled"]
[Date "2018.11.28"]
[Round "10.60"]
[White "Davydov, Mihail"]
[Black "Korenevski, Oleg"]
[Result "1/2-1/2"]
[WhiteElo "1959"]
[BlackElo "1797"]
[PlyCount "60"]
[EventDate "2018.11.18"]

1. e4 e5 2. Nf3 Nc6 3. Nc3 Nf6 4. Bb5 Bb4 5. d3 Bxc3+ 6. bxc3 O-O 7. O-O d6 8.
Re1 Qe7 9. Bg5 Nd8 10. d4 Ne6 11. Bc1 c5 12. d5 Nc7 13. Bf1 b5 14. h3 h6 15. c4
Bd7 16. Bd2 b4 17. a3 a5 18. c3 bxc3 19. Bxc3 a4 20. Qc2 Rfb8 21. Reb1 Qd8 22.
g3 Rxb1 23. Rxb1 Rb8 24. Kg2 Na6 25. Bd3 Qc7 26. Rxb8+ Qxb8 27. Qb1 Qc7 28. Ng1
Ne8 29. Qe1 Qb6 30. Qb1 Qc7 1/2-1/2

[Event "28th WSCC2018 - Open 65+"]
[Site "Bled"]
[Date "2018.11.28"]
[Round "10.61"]
[White "Muratoglu, Salih"]
[Black "Schramek, Kurt"]
[Result "1-0"]
[WhiteElo "1942"]
[BlackElo "1569"]
[PlyCount "79"]
[EventDate "2018.11.18"]

1. d4 Nf6 2. c4 e6 3. Bf4 Bb4+ 4. Nd2 O-O 5. a3 Bxd2+ 6. Qxd2 d5 7. e3 b6 8.
Qc2 dxc4 9. Bxc4 Ba6 10. Nf3 Qe7 11. Bxa6 Nxa6 12. Qc4 Nb8 13. Qxc7 Qxc7 14.
Bxc7 Na6 15. Bg3 Rfc8 16. Kd2 Ne4+ 17. Kd3 Nxg3 18. hxg3 Rc7 19. Rac1 Rac8 20.
Rxc7 Rxc7 21. e4 h6 22. g4 f6 23. Nd2 Kf7 24. Nc4 Ke7 25. Rh5 Rd7 26. f4 Nc7
27. b4 Ne8 28. g5 fxg5 29. fxg5 hxg5 30. Rxg5 Kf6 31. Rh5 Rc7 32. g4 g6 33. g5+
Kg7 34. Rh6 Rf7 35. Ne5 Rf1 36. Rxg6+ Kf8 37. Rxe6 Ng7 38. Rf6+ Rxf6 39. gxf6
Nh5 40. Ng4 1-0

[Event "28th WSCC2018 - Open 65+"]
[Site "Bled"]
[Date "2018.11.28"]
[Round "10.62"]
[White "Lotsov Har-Zahav, Avraham"]
[Black "Bhopal, Raj"]
[Result "1-0"]
[WhiteElo "1700"]
[BlackElo "1929"]
[PlyCount "129"]
[EventDate "2018.11.18"]

1. e4 c5 2. Nf3 d6 3. a3 Nf6 4. Nc3 g6 5. b4 Bg7 6. Rb1 O-O 7. Bc4 Bg4 8. bxc5
Nxe4 9. Nxe4 d5 10. Bd3 dxe4 11. Bxe4 Nd7 12. c6 Nc5 13. cxb7 Rb8 14. h3 Be6
15. Qe2 Nxe4 16. Qxe4 Bd5 17. Qe3 Qc7 18. c3 Rxb7 19. Rxb7 Qxb7 20. O-O Rc8 21.
Re1 e6 22. Qf4 Rc4 23. Qg3 Re4 24. Rxe4 Bxe4 25. d4 Qb1 26. Qf4 h6 27. Ne5 Qb7
28. f3 Bf5 29. Ng4 g5 30. Qd2 Qc7 31. Ne3 Bb1 32. Bb2 Ba2 33. c4 Qb7 34. Bc3
Qb3 35. Qb2 Kf8 36. Qxb3 Bxb3 37. Kf2 Ke8 38. Ke1 Kd7 39. Kd2 Bf8 40. Bb4 Bg7
41. Bc5 a6 42. Kc3 Ba4 43. Kb4 Bc6 44. Ka5 Bb7 45. Kb6 Bc8 46. Ng4 f6 47. Nf2
h5 48. Ne4 f5 49. Nxg5 e5 50. d5 Bf6 51. Nf7 e4 52. fxe4 fxe4 53. Be3 Ke7 54.
Nh6 Kd7 55. c5 Bd8+ 56. Ka7 Ke7 57. Kb8 Bd7 58. c6 Kd6 59. cxd7 Kxd7 60. Nf5 a5
61. a4 Bf6 62. g4 hxg4 63. hxg4 Be5+ 64. Kb7 Bh8 65. g5 1-0

[Event "28th WSCC2018 - Open 65+"]
[Site "Bled"]
[Date "2018.11.28"]
[Round "10.63"]
[White "Taksrud, Vidar"]
[Black "Frey, Armin"]
[Result "0-1"]
[WhiteElo "2038"]
[BlackElo "1859"]
[PlyCount "68"]
[EventDate "2018.11.18"]

1. d4 f5 2. Nf3 Nf6 3. g3 e6 4. Bg2 Be7 5. O-O O-O 6. Nc3 d5 7. Bf4 a6 8. Ne5
c5 9. dxc5 Bxc5 10. Na4 Ba7 11. c4 Nc6 12. Nxc6 bxc6 13. c5 Ne4 14. Bxe4 fxe4
15. Bd6 Rf5 16. e3 a5 17. f4 Ba6 18. Rf2 Bb8 19. Bxb8 Rxb8 20. Nb6 Bb5 21. a4
Bd3 22. Qd2 Rxb6 23. cxb6 Qxb6 24. Qc3 c5 25. g4 d4 26. exd4 cxd4 27. Qc8+ Rf8
28. Qd7 e3 29. Rf3 Be4 30. Rff1 e2 31. Rf2 d3 32. f5 Bd5 33. Qb5 Qd4 34. f6
Qxg4+ 0-1

[Event "28th WSCC2018 - Open 65+"]
[Site "Bled"]
[Date "2018.11.28"]
[Round "10.64"]
[White "Brettschneider, Karl"]
[Black "Bergen, Klaus"]
[Result "1-0"]
[WhiteElo "2016"]
[BlackElo "1858"]
[PlyCount "95"]
[EventDate "2018.11.18"]

1. c4 Nf6 2. Nc3 g6 3. g3 Bg7 4. Bg2 d6 5. d3 e5 6. e4 O-O 7. Nge2 Nc6 8. O-O
Be6 9. h3 Qd7 10. Kh2 Ne8 11. f4 f5 12. exf5 gxf5 13. Nd5 Nd4 14. fxe5 Nxe2 15.
Qxe2 dxe5 16. Be3 c6 17. Nc3 Kh8 18. Rad1 Nc7 19. Na4 Na6 20. b3 Rfd8 21. Qf2
b6 22. Qf3 Rac8 23. a3 Nb8 24. Qf2 h6 25. Qd2 Kh7 26. Qe2 Qf7 27. Bc1 c5 28.
Bb2 Rd4 29. Bxd4 cxd4 30. Nb2 Nd7 31. b4 Kh8 32. Rde1 Nf6 33. Bf3 Nd7 34. Nd1
Qe7 35. Bg2 a5 36. Qb2 axb4 37. axb4 Nf6 38. Bf3 Nd7 39. Nf2 Qg5 40. Qc1 Qe7
41. Qd2 Qd8 42. Ra1 Rc7 43. Kg2 Bf8 44. g4 Kg7 45. gxf5 Bxf5 46. Ne4 Bxe4 47.
Bxe4 Be7 48. Qf2 1-0